000 00570nam a2200229Ia 4500
003 OSt
005 20221005122353.0
006 a|||||r|||| 00| 0
007 ta
008 221004b |||||||| |||| 00| 0 mal d
024 _a62705
037 _cTextual
040 _aCRL
_cCRL
_bmal
041 _2mal
_amal
082 _aO32,3NKS,2, J8
100 _aSukumaran
_9627872
245 0 _aJathayvte gayam
260 _c1958
650 _aMALAYALAM LITERATURE
_938866
942 _hO32,3NKS,2, J8
_cTEXL
_2cc
999 _c1044065
_d1044065